| 000 | 01073nam a22003377a 4500 | ||
|---|---|---|---|
| 001 | BR0602412 | ||
| 003 | BR-BrBNA | ||
| 005 | 20230928102150.0 | ||
| 007 | ta | ||
| 008 | 230509b bl.||||| |||| 00| 0 por d | ||
| 040 |
_aBR-BrBNA _bpor _cBiblioteca Nacional de Agricultura |
||
| 041 | _a(Por) | ||
| 072 |
_aL10 _b5213 |
||
| 090 | _ 5213 BR0602412 | ||
| 100 | 1 | _aVarago, F.C. | |
| 110 | 1 |
_aUniversidade Federal de Minas Gerais, Belo Horizonte (Brasil). Escola de Veterinária _0Tese (Mestre em Medicina Veterinária) |
|
| 245 | 1 | _aEfeito da adição da sacarose ao meio para vitrificar embriões zebuínos produzidos "in vitro" | |
| 260 | 3 |
_aBelo Horizonte, MG (Brasil): _c2005. |
|
| 300 | _a46 p. | ||
| 500 | _aSummaries (Eng, Por); Bibliography p. 36-45; 5 tables | ||
| 650 | _aGADO ZEBU | ||
| 650 | _aREPRODUÇÃO ANIMAL | ||
| 650 | _aEMBRIÃO ANIMAL | ||
| 650 | _aSACAROSE | ||
| 650 | _aMATURAÇÃO | ||
| 650 | _aFECUNDAÇÃO | ||
| 650 | _aCULTURA IN VITRO | ||
| 650 | _aCRIOPRESERVAÇÃO | ||
| 909 |
_a202309 _bLucia _c55 _dLucia Elande |
||
| 942 | _cBK | ||
| 999 |
_c69454 _d69454 |
||